NBA Players from Weber State - Statistics

General Stats
  • This quiz has been taken 11 times
    7 since last reset
  • The average score is 1 of 9
Answer Stats
Position Player Draft Year % Correct
G Damian Lillard 2012
100%
GF Dillon Jones 2024
43%
SF Bob Davis 1972
0%
PG Eddie Gill 2000
0%
FC Joel Bolomboy 2016
0%
G Justus Thigpen 1969
0%
C Lance Allred 2005
0%
SG Ruben Nembhard 1995
0%
G Wat Misaka 1947
0%
No matching quizzes found
Score Distribution
Percent of People with Each Score
Percentile by Number Answered
Your Score History
You have not taken this quiz since the last reset